000 00487nam a2200181Ia 4500
005 20250326125222.0
008 250326s9999 xx 000 0 und d
037 _aTextbook
040 _aFMSL
_beng
_cFMSL
041 _aeng
_2eng
084 _aX62 L9
_qFMSL
100 _aAgrawal H N
_9258982
245 0 _aPortrait of nationlised banks
_cAgrawal H N
260 _aDelhi
_bDelhi, Inter-India
_c1979
300 _a332p
942 _cTB
_hX62 L9
999 _c1277057
_d1277057